Score 0/41 Timer 04:00
1 Play Today
Clue 4-Letter Word % Correct
Center of an apple or the EarthCORE
93.1%
It is spit out while eating watermelonSEED
91.9%
Redness from sunbathing for too long ● ● BURN ●
90.1%
Auction offSELL
89.6%
Brought into the worldBORN
89%
Hang ten in the ocean ● ● SURF ●
87.5%
''Absolutely!''SURE
87.4%
SpottedSEEN
87%
Typical Justin Bieber fanTEEN
86.9%
Black disk in hockeyPUCK
86.6%
Discovery ● ● FIND ●
85.5%
Window ledgeSILL
85.5%
Medical breakthroughCURE
85.5%
Just dandyFINE
85.3%
Transmit ● ● SEND ●
84.5%
Narcissist's loveSELF
84.3%
Labor ● ● WORK ●
84.3%
Program in the Microsoft Office bundleWORD
83.8%
Feudal workerSERF
82.2%
Manicurist's toolFILE
82.1%
Chance to play in a game ● ● TURN ●
81.7%
Clue 4-Letter Word % Correct
Pointy pub projectileDART
80.9%
Be bold enoughDARE
78.7%
Graceful aquatic birdTERN
78.5%
Word frequently said by the Swedish Chef on ''The Muppet Show''BORK
76.6%
Stuff ● ● FILL ●
76%
Judi Dench, for oneDAME
75.5%
Have a ganderLOOK
75%
Lady most prominent in Las VegasLUCK
72.9%
Manage without assistanceFEND
72.3%
Secret message ● ● CODE ●
69.4%
Canal section ● ● LOCK ●
69.2%
Identify ● ● NAME ●
67.9%
Weaving apparatusLOOM
64.8%
Iditarod's finishing cityNOME
59.1%
Lady's manLORD
58.7%
Cargo on a ship ● ● LOAD ●
56.5%
Rich soilLOAM
51.9%
Point of intersectionNODE
50.3%
With first rung, French electronic music duo with popular song named ''Technologic'' ★ PUNK ★
43.2%
With last rung, French electronic music duo with popular song named ''Technologic'' ★ DAFT ★
42.1%

Today's Daily Dose

You're not logged in!

Compare scores with friends on all Sporcle quizzes.
OR
Log In

Sporcle TV

Today on Sporcle TV


Watch our educational content, quiz creation guides, and fun videos on Sporcle TV.

Show Comments

Extras

Top Quizzes Today


Score Distribution

Your Account Isn't Verified!

In order to create a playlist on Sporcle, you need to verify the email address you used during registration. Go to your Sporcle Settings to finish the process.

Report this User

Report this user for behavior that violates our Community Guidelines.

Details: